| 000 | 00727nam a2200241Ia 4500 | ||
|---|---|---|---|
| 005 | 20240113115010.0 | ||
| 008 | 131103s9999 xx 000 0 und d | ||
| 040 | _aLoreto College | ||
| 041 | _aEnglish | ||
| 082 |
_a327.1 _bBUS |
||
| 100 | _aBuss, Claude A. | ||
| 245 |
_aSoutheast Asia and the world today _cClaude A. Buss |
||
| 260 |
_aPrinceton _bVan Nostrand Co. _cc1958 |
||
| 300 |
_a189 p. _b ill.,maps |
||
| 440 | _aAn Anvil original | ||
| 504 | _aIncludes bibliographical references and index | ||
| 630 | _aAsia (South-East) - Foreign Policy | ||
| 650 | _aPolitics - International Relations - | ||
| 651 | _aPolitical Science - | ||
| 700 | _aSnyder, Louis L., series ed. | ||
| 850 | _aLCLIB | ||
| 942 | _cBK | ||
| 999 |
_c1522 _d52001 |
||